Globalisation Enquiry 1 - Statistics

General Stats
  • This quiz has been taken 1 time
  • The average score is 6 of 94
Answer Stats
Hint Answer % Correct
Flows Capital
100%
Globalisation types Economic
100%
Detatchment reasons Economic
100%
Globalisation types Political
100%
Detatchment reasons Political
100%
Globalisation types Social
100%
BTS % GDP +year 0.3% 2019
0%
USA IMF voting rights 17.4%
0%
China FDI +year 187 billion, 2019
0%
EU members year 1957
0%
ASEAN members year 1967
0%
North Korea: famine years 1990s
0%
NAFTA +year 1992
0%
Facebook year 2006
0%
Instagram year 2010
0%
Tiktok year 2016
0%
USMCA +year 2020
0%
Walmart 2020 employees 2.2 million
0%
China GDP from manufacturing 27%
0%
In 2019, UK tourists spent 28.5 billion
0%
Number of SEZs 4
0%
Walmart 2020 turnover 559 billion
0%
UK depends on... 70000 seasonal agricultural workers
0%
TNC % of global trade 80%
0%
USA WB income 87 billion
0%
Walmart headquarters Arkansas
0%
Globalisation indices AT Kearney Global Cities Index
0%
Walmart Indian outlet Bharti Enterprises
0%
These IGOs support the... Capitalist ideologies of member states
0%
China 1949 (3) Centrally planned, famine, poverty
0%
TNCs take advantage of Cheap labour
0%
Walmart electronics China
0%
TSN countries China, Japan, Moscow
0%
Flows Commodities
0%
North Korea: limited __________ __________ restrict ______ to ______ ________ and ideas Communication connections, exposure, information, ideas
0%
Transport improvement +year Containerisation 1850
0%
Globalisation types Cultural
0%
Time-space compression: _______ places feel closer due to ___ ________ reducing ________ ____ (time and money) Distant, ICT improvements, communication costs
0%
WB promotes Economic development and poverty reduction
0%
TNCs take advantage of Economic liberalisation
0%
Economic alliances create greater... Economic stability
0%
Globalisation types Environmental
0%
Detatchment reasons Environmental
0%
SEZ features Environmental regulation
0%
ICT improvement +year Fibre Optic 1990
0%
Economic alliances create greater... Geopolitical security
0%
IMF promotes Global economic stability
0%
WTO promotes Global free trade
0%
TNC impacts Global Production Network
0%
TNC impacts Glocalisation
0%
SEZ features Government funded infrastructure
0%
Walmart clothes India
0%
Flows Information
0%
Globalisation: The process of countries becoming ___________ and ___________, creating a ______ ______ Interconnected, interdependant, global network
0%
North Korea: ______, ______ regime with ______ __________ __________ Isolated, socialist, limited international connections
0%
Transport improvement +year Jet aircraft 1850
0%
WB aims for countries to... Join the global economy
0%
Globalisation indices KOF Globalisation Index
0%
TNCs take advantage of Large profits
0%
Walmart 2020 Largest TNC
0%
National government decisions Liberalisation
0%
TNCs take advantage of Low running costs
0%
SEZ features Low taxes
0%
Flows Migration
0%
IMF lends money to... Mitigate or prevent economic crises
0%
ICT improvement +year Mobile phones 1990
0%
TNC impacts New markets
0%
Top 3 AT, 20202 New York, London, Paris
0%
TNC impacts Offshoring
0%
TNC impacts Outsourcing
0%
International organisations influence... Pace and nature
0%
Detatchment reasons Physical
0%
Economic alliances create greater... Political alignment
0%
TNCs are... Powerful creators of wealth
0%
National government decisions Privatisation
0%
National government decisions Protectionism
0%
China 1978 Radical and political reforms
0%
TNCs take advantage of Rapid growth
0%
How? Removal of barriers
0%
SEZ features Removal of tariffs and quotas
0%
ICT improvement +year Social media 2000
0%
National government decisions Start up grants
0%
Transport improvement +year Steam railways 1830
0%
Transport improvement +year Steam ships 1840
0%
TNCs take advantage of Strengths and skillsets
0%
Top 3 KOF, 2020 Switzerland, Netherlands, Belgium
0%
ICT improvement +year Telegraph 1858
0%
Flows Tourists
0%
National government decisions Trade blocs
0%
IMF lends money in exchange for... Trade liberalisation
0%
Shrinking world: ________ and ________ improvements made the ___ ___ ______ as people are more ________ Transport, technology, world seem small, people, connected
0%
Train example +year Trans Siberian Networks 1904
0%
TNCs _______ focus ___ in countries that offer _______ _________ Unevenly, FDI, economic advantages
0%
SEZ features Unions often banned
0%
No matching quizzes found
Score Distribution
Percent of People with Each Score
Percentile by Number Answered
Your Score History
You have not taken this quiz